000 00657cab a22001935a 4500
001 L152635
008 110407s20110324xxkd f 000 0 eng d
035 _a(Sirsi) u152635
041 0 _aeng
100 1 _aLynch, Declan
245 0 0 _aWill the Japanese nuclear disaster force a UK energy rethink?
260 _c2011
490 0 _aNew Civil Engineer
_v24 March 2011, 14-15(2)
520 _aLooks at the options for meeting the UK's future energy needs; a map illustrating the alternatives to UK nuclear.
590 _aKA
651 4 _aUnited Kingdom
_y
690 _aENVIRONMENTAL AND LAND CONSULTANCY-ENERGY-ENERGY USE-ENERGY EFFICIENCY
942 _n0
999 _c83044
_d83044